Loreto College Library, Kolkata
WEBOPAC (ONLINE PUBLIC ACCESS CATALOGUE)

The world's heritage of epical heroic and romantic literature (Record no. 20888)

MARC details
000 -LEADER
fixed length control field 00592nam a2200181Ia 4500
008 - FIXED-LENGTH DATA ELEMENTS--GENERAL INFORMATION
fixed length control field 131103s9999 xx 000 0 und d
040 ## - CATALOGING SOURCE
Original cataloging agency Loreto College
041 ## - LANGUAGE CODE
Language code English
082 ## - DDC | ডিউই
Classification number | বর্গসংখ্যা 804/MAC
Book Number | গ্রন্থাঙ্ক LCLIB/2 copy
100 ## - MAIN ENTRY--PERSONAL NAME | মুখ্য সংলেখ - ব্যাক্তিনাম
Personal name | ব্যাক্তিনাম Mackenzie, Donald A.
245 #4 - TITLE STATEMENT | অাখ্যা বিবরণী
Title | অাখ্যা The world's heritage of epical heroic and romantic literature
Statement of responsibility | লেখকের দায়িত্বের বিবরণ by Donald A. Mackenzie; with illustration by Noel L. Nisbet
260 ## - IMPRINT | প্রকাশনা ক্ষেত্র
Place of publication | প্রকাশ স্থান London
Name of publisher | প্রকাশকের নাম Gresham Publishing
Date of publication | প্রকাশ কাল 1922
300 ## - PHYSICAL DESCRIPTION |
Page / Vol. No | পৃষ্ঠা / খন্ড সংখ্যা 2v.
Other physical details | অনান্য বাহ্যিক বিবরণ illus.
650 ## - SUBJECT ADDED ENTRY--TOPICAL TERM | বিষয় শিরোনাম - মূল বিষয়
Topical term | মূল বিষয় Literature - Drama
700 ## - ADDED ENTRY--PERSONAL NAME | অতিরিক্ত সংলেখ - ব্
Personal name | ব্যাক্তিনাম Nissbet, Noel L., illus.
850 ## - HOLDING INSTITUTION
Holding institution LCLIB/808.8/MAC
942 ## - ADDED ENTRY ELEMENTS (KOHA)
Koha item type Books
Holdings
Withdrawn status Lost status Damaged status Not for loan Home library Current library Date acquired Total Checkouts Full call number Accession No. Date last seen Price effective from Koha item type
        Loreto College Loreto College 04/11/2013   804/MAC LCLIB/2 copy B22893 04/11/2013 04/11/2013 Books